000 00599nam a2200241 a 4500
001 nice12345678
003 IN_TiNIC
005 20260116014405.0
008 121107s2012 kola grp 000 0 eng
020 _a9788185861425
_c395
082 0 0 _a923.2
_bDAS
100 _aDasgupta, Pannalal
245 _aRevolutionary Gandhi
260 _aKolkata, India
_bEarthcare Books
_c2012
300 _a490p
500 _aincludes index and biblioraphy
505 2 _aEpilogue, Index
650 _aGandhi M K
700 1 _aDasgupta, Pannalal
902 _bSRS
942 _cBK
999 _c15084
_d15084